000 01388cam a22003857a 4500
001 000063468
003 CHAP
005 20220817043011.0
008 971013s1995 r 00010 d
010 _a62395
011 _a63367
035 _a67543
040 _cCHAP
090 _aFolleto 14870
100 0 0 _aHernández Sierra, Arturo.
_954619
245 1 0 _aProducción y comercialización de semillas mejoradas y certificadas en México :
_b: aspectos normativos y operativos.
260 _aChapingo, Méx. :
_bUACH. Centro de Investigaciones Económicas, Sociales y Tecnológicas de la Agroindustria y la Agricultura Mundial,
_c1995.
300 _a60 p.
490 1 _aCuaderno de divulgación
_v; 4
590 _aBATCH-UPD
_b10
_c20130110
_lUCH01
_h0839
590 _aBATCH-UPD
_b10
_c20130410
_lUCH01
_h0517
590 _aBATCH-UPD
_b10
_c20130914
_lUCH01
_h1107
590 _aCONVERSION
_b10
_c20130109
_lUCH01
_h1333
590 _aE5995AHE
_b05
_c20150212
_lUCH01
_h1324
650 1 4 _aSemillas
_xCertificación.
_9103883
650 1 4 _aSemillas
_xMejoramiento.
650 1 4 _aSemillas
_xMercadeo.
_9103916
650 1 4 _aSemillas
_xRendimiento.
_9103930
830 0 _aCuaderno de divulgación
_v; 4
901 _aBK
942 _cFOLL
942 _n0
949 _aFolleto 14870
_bBC
_cFOLL
_d-152873
_eTS1
_i67543
_si
949 _aFolleto 14870
_bBC
_cUACH
_d-152874
_eUACH
_fc.2
_i67543
_si
999 _c62395
_d62395